Algebra /

Contenido: Lógica y conjuntos; Iniciación al álgebra; Conjuntos de números; Números reales; Polinomios; Factorización; Fracciones y fracciones algebraicas; Funciones y ecuaciones; Sistemas de numeración; Sistemas de ecuaciones; Desigualdades y programación lineal; Relaciones y funciones; Funciones e...

Descrición completa

Gardado en:
Detalles Bibliográficos
Autor Principal: Bosch Giral, Carlos (autor)
Outros autores: Gómez Wulschner, Claudia (autor) (autor)
Formato: Libro
Idioma:Lingua castelá
Publicado: México : Santillana, 1999, c1999
Edición:2a edición
Temas:
Etiquetas: Engadir etiqueta
Sen Etiquetas, Sexa o primeiro en etiquetar este rexistro!

MARC

LEADER 00000nam^a2200000^a^4500
001 000152732
005 20250521000000.0
009 20260310100255.365
020 |a 970-642-526-8 
037 |a Acervo ITESO - Biblioteca 
041 |a ESP 
082 |a 512.  |b BOS 
100 |a Bosch Giral, Carlos  |e (autor) 
245 1 0 |a Algebra /  |c C. Bosch Giral, C. Gómez Wulschner. 
250 |a 2a edición 
264 4 |a México :  |b Santillana,  |c 1999, c1999 
300 |a 342 p. 
336 |a texto  |b txt  |2 rdacontenido 
337 |a sin mediación  |b n  |2 rdamedio 
338 |a volumen  |b nc  |2 rdasoporte 
520 |a Contenido: Lógica y conjuntos; Iniciación al álgebra; Conjuntos de números; Números reales; Polinomios; Factorización; Fracciones y fracciones algebraicas; Funciones y ecuaciones; Sistemas de numeración; Sistemas de ecuaciones; Desigualdades y programación lineal; Relaciones y funciones; Funciones exponenciales y logarítmicas. 
649 |a XX 
650 |a Numeración 
650 |a Números Reales 
650 |a Número (Concepto Matemático) 
650 |a Fracciones 
650 |a Polinomios 
650 |a Ecuaciones Algebraicas 
650 |a Ecuaciones 
650 |a Relaciones (Matemáticas) 
650 |a Desigualdades (Matemáticas) 
650 |a Funciones Exponenciales 
650 |a Funciones Elementales 
650 |a Funciones (Matemáticas) 
650 |a Programación Lineal 
650 |a Teoría de Conjuntos 
650 |a Lógica Matemática 
650 |a Algebra 
650 |a Matemáticas 
700 |a Gómez Wulschner, Claudia  |e (autor) 
910 |a Fondo General 
920 |a Impresos - Libros 
930 |a Colección General 
905 |a 101 
901 |a 0500081982  |b IT1  |c ACC  |u 20250521 
902 |a https://opac.biblio.iteso.mx/vufind/Record/000152732